[Event "Ukhta-ch"]
[Site "Ukhta"]
[Date "2012.12.08"]
[Round "4"]
[White "Zyrianov, Leonid"]
[Black "Petrosian, Aram"]
[Result "0-1"]
[WhiteElo "1925"]
[BlackElo "1900"]
[PlyCount "122"]
[EventDate "2012.11.27"]
[EventType "tourn"]
[EventRounds "11"]
[EventCountry "RUS"]
[SourceTitle "EXT 2014"]
[Source "ChessBase"]
[SourceDate "2013.11.20"]
[SourceVersion "1"]
[SourceVersionDate "2013.11.20"]
[SourceQuality "1"]

1. d4 Nf6 2. Bg5 g6 3. Bxf6 exf6 4. e3 Bg7 5. Nf3 d6 6. Bd3 f5 7. Nbd2 0-0 8. h4 Nd7 9. h5 Nf6 10. hxg6 fxg6 11. c3 Qe7 12. Qb3+ Be6 13. Bc4 Bxc4 14. Nxc4 Qe6 15. Ng5 Qd5 16. Na5 h6 17. Qxd5+ Nxd5 18. Ne6 Rfe8 19. c4 Rxe6 20. cxd5 Re4 21. Kd2 f4 22. Rac1 fxe3+ 23. fxe3 Rae8 24. Rh3 b6 25. Nb3 R8e7 26. Kd3 h5 27. Rg3 Kh7 28. Nd2 Rg4 29. Rxg4 hxg4 30. Rh1+ Bh6 31. Ne4 Kg7 32. Rh4 Rf7 33. Rxg4 Rf1 34. Nd2 Rf5 35. Nf3 Rxd5 36. e4 Rh5 37. e5 d5 38. e6 g5 39. Ne5 Kf6 40. Nc6 Kxe6 41. Nxa7 Kf5 42. Rg3 g4 43. Ke2 Bf4 44. Rc3 Ke4 45. Nb5 Rh2 46. Kf1 c5 47. dxc5 bxc5 48. Rxc5 Be3 49. Nc3+ Kd3 50. Rxd5+ Bd4 51. g3 Rf2+ 52. Ke1 Rxb2 53. Nd1 Re2+ 54. Kf1 Rd2 55. Ke1 Kc2 56. Rg5 Rxd1+ 57. Ke2 Rd2+ 58. Kf1 Kd1 59. Rf5 Rxa2 60. Rf4 Be3 61. Rd4+ Rd2 0-1

[Event "Ukhta-ch"]
[Site "Ukhta"]
[Date "2012.12.01"]
[Round "2"]
[White "Dmitriev, Vadim"]
[Black "Petrosian, Aram"]
[Result "1/2-1/2"]
[WhiteElo "1788"]
[BlackElo "1900"]
[PlyCount "51"]
[EventDate "2012.11.27"]
[EventType "tourn"]
[EventRounds "11"]
[EventCountry "RUS"]
[SourceTitle "EXT 2014"]
[Source "ChessBase"]
[SourceDate "2013.11.20"]
[SourceVersion "1"]
[SourceVersionDate "2013.11.20"]
[SourceQuality "1"]

1. d4 Nf6 2. Bg5 g6 3. Nf3 Bg7 4. c4 0-0 5. Nc3 d6 6. h3 Bf5 7. g4 Bd7 8. e4 Nc6 9. Be2 e5 10. d5 Ne7 11. Qd2 Ne8 12. 0-0-0 a6 13. Rdg1 b5 14. h4 f6 15. Bh6 Kf7 16. Bxg7 Nxg7 17. Qh6 Qb8 18. g5 f5 19. h5 b4 20. Nd1 Rh8 21. Nd2 fxe4 22. Nxe4 Ngf5 23. hxg6+ hxg6 24. Qxh8 Qxh8 25. Rxh8 Rxh8 26. Ne3 1/2-1/2